[Event "Kuwait Rapid op 1st"]
[Site "Kuwait City"]
[Date "2025.01.10"]
[Round "8"]
[White "Nishaanth, Vidyasagar"]
[Black "Sachin, Salam"]
[Result "0-1"]
[WhiteElo "1760"]
[BlackElo "1673"]
[PlyCount "70"]
[EventDate "2025.01.09"]
[EventType "swiss (rapid)"]
[EventRounds "9"]
[EventCountry "KUW"]
[SourceTitle "CB03_2025"]
[SourceDate "2025.01.15"]
[SourceVersion "1"]
[SourceVersionDate "2025.01.15"]
[SourceQuality "1"]

1. e4 d6 2. d4 c6 3. c4 Qc7 4. Nc3 Nf6 5. Nf3 Bg4 6. h3 Bh5 7. Be2 Nbd7 8. Be3 e5 9. Qc2 Be7 10. g4 Bg6 11. Bd3 a6 12. 0-0-0 Rc8 13. Nh4 0-0 14. Nxg6 hxg6 15. f4 Rfe8 16. f5 exd4 17. Bxd4 Ne5 18. Bxe5 dxe5 19. g5 Nh5 20. Qf2 Bxg5+ 21. Kb1 Qe7 22. Rdg1 Bh4 23. Qf3 Nf4 24. fxg6 fxg6 25. Ne2 Nxe2 26. Qxe2 g5 27. Rg4 Rcd8 28. c5 g6 29. Rhg1 Kg7 30. Qe3 Rd4 31. Rf1 Red8 32. Bc2 Qxc5 33. Qe2 Rd2 34. Bb3 Rxe2 35. Rf7+ Kh6 0-1

[Event "Kuwait Rapid op 1st"]
[Site "Kuwait City"]
[Date "2025.01.09"]
[Round "2"]
[White "Nishaanth, Vidyasagar"]
[Black "Vedant, Yogesh Kale"]
[Result "0-1"]
[WhiteElo "1760"]
[BlackElo "1586"]
[PlyCount "88"]
[EventDate "2025.01.09"]
[EventType "swiss (rapid)"]
[EventRounds "9"]
[EventCountry "KUW"]
[SourceTitle "CB03_2025"]
[SourceDate "2025.01.15"]
[SourceVersion "1"]
[SourceVersionDate "2025.01.15"]
[SourceQuality "1"]

1. e4 c5 2. Nf3 d6 3. g3 Nf6 4. Nc3 g6 5. Bg2 Bg7 6. 0-0 0-0 7. d3 Nc6 8. Re1 a6 9. Ne2 b5 10. h3 Qc7 11. g4 Nd7 12. Ng3 Bb7 13. Bd2 Bxb2 14. Rb1 Bg7 15. Qc1 Nd4 16. Bh6 Nxf3+ 17. Bxf3 c4 18. Bxg7 Kxg7 19. Qd2 cxd3 20. cxd3 Rac8 21. Qg5 Ne5 22. Bg2 Kh8 23. d4 Nd7 24. Qxe7 Rce8 25. Qg5 Nb6 26. Rbc1 Qd7 27. Qf6+ Kg8 28. g5 Nc4 29. h4 Re6 30. Qf4 Qd8 31. d5 Re5 32. Qg4 Bc8 33. Qd1 f6 34. f4 Ree8 35. Qd4 fxg5 36. fxg5 Qe7 37. Rf1 Bg4 38. a4 Ne5 39. axb5 axb5 40. Qe3 b4 41. Rb1 Rb8 42. Rxf8+ Qxf8 43. Qf2 Qxf2+ 44. Kxf2 b3 0-1